00857nam a2200217Ia 450000500170000000800410001702000180005804100080007608200160008410000240010024500770012426000320020130000080023352001340024165000270037570000470040290600090044994200070045899900150046595201590048020240524151559.0220524s9999 xx 000 0 und d a9781780975696 aeng a746.92bANG aAngus Emily9204431 aThe Fashion Dictionary : A Visual Resource for Term, Techniques & Styles bCarlton Booksc2015aLondon a352 a• Fashion Terminology • Styles and Components of Dress • Design, Tailoring, and Stitching. • Textiles and Embellishments  aFashion Design9180703 aBaudis MacushlaaWoodcock Philippa9206571 a1242 cRF c5900d5900 00102ddc4070aSOFTbSOFTd2016-09-16ePankaj Pub.Internationalg2340.00o746.92 ANGpSOFT-BK-1241r2022-07-08 00:00:00v2340.00w2022-07-08yRFz001241